Coplas de Don Jorge Manrique, hechas a la muerte de su padre Don Rodrigo Manrique / (Record no. 158634)

MARC details
000 -LEADER
campo de control de longitud fija 01766nam a22002895i 4500
001 - NÚMERO DE CONTROL
campo de control 158634
003 - IDENTIFICADOR DE NÚMERO DE CONTROL
campo de control ES-MaACL
005 - FECHA Y HORA DE LA ÚLTIMA TRANSACCIÓN
campo de control 20250725232355.0
008 - DATOS DE LONGITUD FIJA--INFORMACIÓN GENERAL
campo de control de longitud fija 940202s1779 sp |||| | spa d
040 ## - FUENTE DE CATALOGACIÓN
Centro catalogador/agencia de origen CARM
Lengua de catalogación spa
100 ## - ENTRADA PRINCIPAL--NOMBRE DE PERSONA
Nombre de persona Manrique, Jorge,
Fechas asociadas al nombre 1440?-1479
9 (RLIN) 178074
245 10 - MENCIÓN DEL TÍTULO
Título Coplas de Don Jorge Manrique, hechas a la muerte de su padre Don Rodrigo Manrique /
Mención de responsabilidad, etc. con las glosas en verso a ellas de [Francisco] de Guzman, del P. Don Rodrigo de Valdepeñas, monge Cartujo, del proto-notario Luis Perez, y del licdo. Alonso de Cervantes.
260 ## - PUBLICACIÓN, DISTRIBUCIÓN, ETC.
Lugar de publicación, distribución, etc. En Madrid :
Nombre del editor, distribuidor, etc. por Don Antonio de Sancha, se hallará en su casa, en la Aduana Vieja,
Fecha de publicación, distribución, etc. 1779.
300 ## - DESCRIPCIÓN FÍSICA
Extensión XXIV, XLVI, 254 p. ;
Dimensiones 8º.
500 ## - NOTA GENERAL
Nota general Palau, VIII, 149353.
505 8# - NOTA DE CONTENIDO CON FORMATO
Nota de contenido con formato Glosa primera de las coplas de Don Jorge Manrique / por Francisco de Guzman (p. 21-60) ; Glosa segunda de las coplas de Don Jorge Manrique / hecha por el padre D. Rodrigo de Valdepeñas, ... (p.61-114) ; Glosa tercera de las coplas de Don Jorge Manrique / por el proto-notario Luis Perez (p. 115-203) ; Glosa quarta de las coplas de Don Jorge Manrique / por el licenciado Alonso de Cervantes (p. 200 [i.e. 204]-253 [i.e 257])
530 ## - NOTA DISPONIBLE DE FORMULARIO FÍSICO ADICIONAL
Nota de formato físico adicional disponible Disponible en formato digital.
597 ## - NOTA DE DESCRIPCIÓN FÍSICA
NOTA DE DESCRIPCIÓN FÍSICA Sign.: §8, 2¶4, *-2*8, 3*7, A-Q7.
650 #7 - PUNTO DE ACCESO ADICIONAL DE MATERIA--TÉRMINO DE MATERIA
Término de materia o nombre geográfico como elemento de entrada Poesías españolas
Fuente del encabezamiento o término embne
9 (RLIN) 16214
700 1# - ENTRADA AGREGADA--NOMBRE PERSONAL
Nombre de persona Guzman, Francisco de.
Título de la obra Glosas.
9 (RLIN) 127674
700 11 - ENTRADA AGREGADA--NOMBRE PERSONAL
Nombre de persona Valdepeñas, Rodrigo de
Títulos y otros términos asociados al nombre , (O. Cart.).
Título de la obra Glosas.
9 (RLIN) 133496
700 11 - ENTRADA AGREGADA--NOMBRE PERSONAL
Nombre de persona Perez, Luis.
Título de la obra Glosas.
9 (RLIN) 131020
700 11 - ENTRADA AGREGADA--NOMBRE PERSONAL
Nombre de persona Cervantes, Alonso de.
Título de la obra Glosas.
9 (RLIN) 126427
852 ## - LOCALIZACIÓN
Ubicación ES-MaACL
Número de control de estantería R-1470
Nota libre -- Enc. pasta española
Encuadernación Olim: G-15870
856 ## - LOCALIZACIÓN Y ACCESO ELECTRÓNICOS
Identificador Uniforme de Recursos <a href="http://bdh-rd.bne.es/viewer.vm?id=0000115039&page=1 ">http://bdh-rd.bne.es/viewer.vm?id=0000115039&page=1 </a>
Nota pública Biblioteca Digital Hispánica
Holdings
Estatus retirado Estado de pérdida Estado de daño No para préstamo Colección Biblioteca de origen Biblioteca actual Ubicación en estantería Fecha de adquisición Fuente de adquisición Total de préstamos Signatura topográfica completa Código de barras Visto por última vez Precio de reemplazo Tipo de ítem Koha
        Colección digital Biblioteca del Ateneo de Madrid Biblioteca del Ateneo de Madrid Depósito 17/01/2008     R-1470 1166041 23/02/2023 23/02/2023 Libro impreso antiguo